| 000 | 00986nam a22002657a 4500 | ||
|---|---|---|---|
| 005 | 20170124103033.0 | ||
| 010 | _aA-002587 | ||
| 020 | _c12.50.00 | ||
| 035 | _aA-002587 | ||
| 037 | _bCen Lib/Ret | ||
| 040 |
_aDPL _bHN |
||
| 082 |
_aउ _bमाईती |
||
| 100 |
_aमाईती, चितरंजन _964652 |
||
| 245 |
_aमरियम / _c चितरंजन माईती |
||
| 246 |
_aMariyam _b by Chitranjan Mayiti |
||
| 260 |
_aइलाहाबाद _bसाहित्य भवन _c1980 |
||
| 270 |
_aके.पी. कक्कर रोड _bइलाहाबाद |
||
| 300 |
_a111पृष्ठ. _c20सेमी(सजिल्द) |
||
| 490 | _a | ||
| 650 |
_aहिंदी साहित्य _964653 |
||
| 650 |
_aहिंदी कहानी- वेदनापूर्ण _947879 |
||
| 650 |
_aHindi literature _964654 |
||
| 650 |
_aHindi story - Anguished _964655 |
||
| 942 |
_2ddc _cHN _hक _mमाईती |
||
| 999 |
_c116071 _d116071 |
||